Demonštrácia internacionalizmu XXIV. slávnosti kultúry maďarských pracujúcich v ČSSR

Bibliographic Details
Main Authors: (kč) (Author), Kičová, Katarína (Author)
Format: Article
Language:Slovak
PhysicalDescription:Obr. 1.
Subjects:

MARC

LEADER 00000nab a2200000 a 4500
001 vtls000032248
003 SK-MaSNL
005 20260303022841.0
008 111103c1979 xo 0 slo
015 |a SNBRB19rr/mm-uuuuu 
035 |a CL0042342 
040 |a SNKBUCL  |b slo  |c SNKBUCL  |e AACR2 
041 0 |a slo 
044 |a xo  |c SK 
080 |a 008  |2 1981 
080 |a 394  |2 1981 
100 1 |a (kč)  |4 aut  |9 847317 
245 1 0 |a Demonštrácia internacionalizmu  |b XXIV. slávnosti kultúry maďarských pracujúcich v ČSSR  |c (kč) ; Katarína Kičová 
300 |b Obr. 1. 
650 0 7 |a Maďari, ČSSR  |2 snkbucl  |9 1005116 
650 0 7 |a kultúra  |2 snkbucl  |9 886 
651 7 |a 5408  |2 snkbucl  |9 279318 
655 7 |a články z novín a časopisov  |2 snkbucl  |9 267496 
700 1 |a Kičová, Katarína  |4 aut  |9 884050 
773 0 |t Východoslovenské noviny  |g Roč. 28, č. 147 (25. 6. 1979), s. 1-2 
850 |a Slovenská národná knižnica v Martine  |a MTA001 
852 |a SNK  |b KIS3GCP 
958 |a RK 
992 |a RBX 
999 |c 1631221  |d 1633151